000 03893nab a2200445 i 4500
003 BR-BrBNA
005 20251231170719.0
008 251231b2023 bl.tr|pooa||| 00| 0 por |
040 _aBR-BrBNA
_bpor
072 _aE14
072 _aE16
072 _aE70
100 _aBorghezan, Marcelo
100 _aMarcon, Amanda Köche
100 _aBasso, Augusto Donadel
100 _aDaniel, Eduardo da Silva
100 _aMatos, Jaqueline Alves de
100 _aHeidorn, Larissa Liane
100 _aSantos, Luan Henrique Lopes dos
100 _aSpindola, Lucas Tomaz
100 _aKanemaru, Michel Yudi Shinkai
100 _aSouza, Paula Gimenez de
100 _aCoelho, Denilson
100 _aFerreira, Victor Rodrigues
245 _aJornada de inovação rural desenvolvida em Santa Catarina: Diagnóstico e soluções implementadas
500 _a Publicação online; 6 ref.; 3 illus.; 2 tables; Summaries (En, Pt)
520 _a Resumo – A inovação aumenta a competitividade, possibilitando a adaptação e superação de desafios, além de aproveitar as oportunidades para se posicionar melhor no mercado. O objetivo da Jornada de Inovação Rural do Sebrae foi estimular a adoção de processos inovadores, incentivando a autonomia e o empreendedorismo nos pequenos negócios rurais catarinenses. Este trabalho apresenta os resultados do grau de inovação e do impacto das soluções implementadas. A metodologia tem como base um questionário, gerando um gráfico radar para a organização e implementação de planos de melhorias. As ações ocorreram em cinco dimensões centrais de curto prazo e em quatro dimensões orbitais de médio e longo prazo. O ciclo de atividades ocorreu em 8 meses, entre dezembro de 2021 e julho de 2022, com 9 agentes locais, atendendo 119 empreendimentos rurais de todas as regiões de Santa Catarina. Os resultados impactaram todas as dimensões, principalmente nos controles gerenciais e em novos produtos ou serviços (modelos de negócios). Termos para indexação: Sebrae; Oportunidades; Banco de ideias; Plano de ação; Melhoria contínua
520 _a Abstract – Innovation increases competitiveness, enables adaptation and overcoming challenges, and seizes opportunities to better position itself in the market. The aim of the Sebrae Rural Innovation Journey was to stimulate the adoption of innovative processes, encouraging autonomy and entrepreneurship in small rural businesses of Santa Catarina. This paper presents the results of innovation degree and impact of the implemented solutions. The methodology is based on diagnostic, generating a radar chart for organization and implementation of improvement plans. The actions occurred in five central short-term dimensions and in four medium and long-term orbital dimensions. The cycle of activities took place in 8 months, between December 2021 and July 2022, with 9 local agents in 119 rural enterprises from all regions of Santa Catarina. The results improved all dimensions, mainly in management controls and in new products or services (business models). Index terms: Sebrae; Opportunities; Idea list; Action plan; Continuous improvement.
650 _aECONOMIA DA PRODUÇÃO
650 _aCADEIA PRODUTIVA
650 _aADOÇÃO DE INOVAÇÕES
650 _aMERCADO
650 _aDESENVOLVIMENTO RURAL
650 _aSUSTENTABILIDADE
650 _aSANTA CATARINA
773 0 _01813
_9317210
_dFlorianópolis-SC Empresa de Pesquisa Agropecuária e Extensão Rural de Santa Catarina 1988-
_o2024-3834
_tAgropecuária Catarinense (Brazil)
_x0103-0779
_gv. 36(2) p. 10-14; (2023)
_wBR2025004869
856 _uhttps://publicacoes.epagri.sc.gov.br/rac/article/view/1594/1573
942 _cANA
999 _c339687
_d339687